| 000 | 00897nam a22002417a 4500 | ||
|---|---|---|---|
| 005 | 2011040106546.0 | ||
| 008 | 110401t xxu||||| |||| 00| 0 eng d | ||
| 010 | _aENG-102219 | ||
| 020 |
_a9788184502954 _c950.00 |
||
| 035 | _aEN-85752 | ||
| 037 | _bDBAD/PUB | ||
| 040 |
_adpl _bEng |
||
| 082 | _a388.0954 | ||
| 100 |
_926835 _aAnu Kapil |
||
| 245 |
_aInfrastructure and economic development : _cby Anu Kapil _bissues, inter-state analysis,financing / |
||
| 260 |
_aNew Delhi _bDeep and Deep Publications _c2010 |
||
| 270 |
_aF-159, Rajouri Garden _bNew Delhi _e110027 |
||
| 300 |
_ax,261p. _c22cm (Hb) |
||
| 500 | _aIncludes bibliographical references and index | ||
| 700 | _926836 | ||
| 942 |
_2ddc _cEN _h388.0954 _mANU |
||
| 999 |
_c51376 _d51376 |
||